00569nam a2200169 i 4500001000300000100001900003245011600022260004600138650001600184700002100200020001500221040000800236041000800244080000800252008004100260856009800301bg1 aBEHFOROOZ, Ali 0aAn introduction to computer science :ba structured problem-solving approach /cAli Behforooz, Onkar P. Sharma. aEnglewood Cliffs :bA Reston Book,c1986. 9aInformatyka1 aSHARMA, Onkar P. a0835932672 cBPK apol a004 s pl f |000 0 pol  uhttp://koha.tu.koszalin.pl/cgi-bin/koha/opac-detail.pl?biblionumber=29732yKatalog online BPK